000 00663nam a2200229Ia 4500
003 OSt
005 20230518163504.0
008 210423s2013 xx 000 0 und d
020 _a978-93-5090-637-8
040 _cAL
041 _aeng
082 _a574.192 VASR
_223
100 _aVASUDEVAN (D M);SREEKUMARI (S);VAIDYANATHAN (Kannan).
_9109059
245 _aRevision exercises: based on textbook of biochemistry Ed 7
250 _a7
260 _aNew Delhi
_bJaypee Brothers
_c2013
300 _a266
_bPB
365 _cINR
650 _aBiochemistry
_9109060
906 _abased ; biochemistry ; Ed ; exercises: ; Revision ; textbook
942 _2ddc
_cBK
999 _c165195
_d165195